Arjun Kala

N/A


Categories

Literature - European84001602963.6715
Literature - American74001452862.1824
Literature - British73001352761.1025
Literature - World and Miscellaneous64001303270.5002
Fine Arts - Music0600606586.8300
Other - Other Academic and General Knowledge2200504775.2502
RMP - World Mythology1300455373.0011
RMP - Philosophy3000453053.6713
Fine Arts - Painting04004076108.0000
History - World1200355294.3300
Fine Arts - Opera2000306768.5011
RMP - East Asian Religion1100256473.0000
History - Cross, Historiography, and Miscellaneous1100256593.5000
Fine Arts - Jazz1100256775.5000
Social Science - Psychology0100106363.0000
Fine Arts - Architecture010010117117.0000
Fine Arts - Film0100108080.0000
Fine Arts - Miscellaneous0100108787.0000
Geography - World0100109292.0000
History - European010010119119.0000
RMP - Greco-Roman Mythology0100107070.0001
RMP - Hinduism0100106868.0000
RMP - Jewish Practice0100106464.0001
Science - Engineering and Miscellaneous010010113113.0000
Social Science - Economics010010123123.0000
Current Events - U.S.010010117117.0000

Buzzes

Literature - BritishBecky Sharp2027
Literature - AmericanThe Bluest Eye2028
Literature - EuropeanAnton Chekhov2029
Literature - World and MiscellaneousRepublic of Gilead030
RMP - PhilosophyBertrand Russell2030
Literature - World and MiscellaneousDerek Walcott2032
History - World1990s032
Fine Arts - OperaFloria Tosca039
Social Science - Psychologyreading039
History - Europeanswords040